[Event "OCF Masters"]
[Site "Tulsa USA"]
[Date "2005.09.04"]
[Round "3"]
[White "Schoonmaker,N"]
[Black "Hulsey,M"]
[Result "1/2-1/2"]
[WhiteElo "2261"]
[BlackElo "2110"]

1.e4 c5 2.Nf3 d6 3.Bb5+ Bd7 4.Bxd7+ Qxd7 5.O-O Nc6 6.Qe2 Nf6 7.Rd1 g6 8.c3 Bg7
9.d4 cxd4 10.cxd4 O-O 11.Nc3 Rac8 12.e5 Ne8 13.Bf4 Nc7 14.Rac1 d5 15.Qe3 Ne6
16.Bh6 f5 17.exf6 exf6 18.Bxg7 Kxg7 19.Ne2  1/2-1/2

[Event "OCF Masters"]
[Site "Tulsa USA"]
[Date "2005.09.05"]
[Round "7"]
[White "Movsisyan,M"]
[Black "Braunlich,T"]
[Result "1-0"]
[WhiteElo "2300"]
[BlackElo "2200"]

1.e4 c5 2.Nf3 d6 3.Bb5+ Nd7 4.O-O Nf6 5.Re1 a6 6.Bf1 e5 7.c3 b6 8.d4 Bb7
9.Bg5 Be7 10.Nbd2 O-O 11.dxe5 dxe5 12.Bxf6 Bxf6 13.Qc2 Qc7 14.Nc4 b5 15.Ne3 Nb6
16.c4 b4 17.g3 g6 18.h4 Bg7 19.Nd5 Bxd5 20.cxd5 c4 21.Rac1 Bh6 22.Ng5 Rfc8
23.Bh3 Re8 24.Rcd1 Qd6 25.Kh1 Ra7 26.Rf1 Rc7 27.f4 c3 28.fxe5 Qxe5 29.d6 Bxg5
30.dxc7 Bd2 31.Kh2 Qb5 32.Rxd2 cxd2 33.Qxd2 Rxe4 34.Rf2 Re8 35.Qf4 f5 36.Bf1 Qc5
37.Bxa6 Re4 38.Qf3 Qxc7 39.Kg2 Nd5 40.Qb3 Qe5 41.Rd2  1-0

[Event "IX Taca BCX"]
[Site "Brasiliat BRA"]
[Date "2005.09.08"]
[Round "6"]
[White "Lima,Da"]
[Black "Da Silva,A"]
[Result "1-0"]
[WhiteElo "2535"]
[BlackElo "2238"]

1.e4 c5 2.Nf3 d6 3.Bb5+ Bd7 4.Bxd7+ Qxd7 5.c4 Nc6 6.Nc3 Nf6 7.O-O e5 8.Ne1 Nd4
9.d3 h6 10.f4 Be7 11.Nf3 Nxf3+ 12.Qxf3 O-O-O 13.Rb1 Kb8 14.a3 Nh7 15.b4 Rhf8
16.f5 Bg5 17.bxc5 dxc5 18.Nd5 Nf6 19.Be3 Bxe3+ 20.Qxe3 Nxd5 21.cxd5 Rc8 22.Rfc1 Qa4
23.Rxc5 Qxa3 24.Rcb5 Rc7 25.h3 f6 26.Kh2 Rff7 27.R5b3 Qc5 28.Rxb7+ Kc8 29.Qxc5  1-0

[Event "58th ch-RUS Semi-Final"]
[Site "Kazan RUS"]
[Date "2005.09.09"]
[Round "7"]
[White "Novikov,St"]
[Black "Khismatullin,D"]
[Result "0-1"]
[WhiteElo "2534"]
[BlackElo "2583"]

1.e4 c5 2.Nf3 d6 3.Bb5+ Bd7 4.Bxd7+ Qxd7 5.O-O Nc6 6.c3 d5 7.exd5 Qxd5 8.d4 e6
9.Qa4 Nf6 10.Be3 cxd4 11.Nxd4 Qa5 12.Qxa5 Nxa5 13.Nb5 Kd7 14.Bxa7 Kc6 15.Nd4+ Kd7
16.Nb5 Kc6 17.Nd4+ Kd7 18.Nb5 Nd5 19.Nd2 Kc6 20.Nd4+ Kd7 21.Nb5 Kc6 22.a4 b6
23.b4 Nb7 24.Nf3 Nd8 25.c4 Nxb4 26.Ne5+ Kb7 27.Rfd1 Nbc6 28.Rd7+ Ka6 29.a5 bxa5
30.Be3 Nxe5 31.Rb1 Bb4 32.Re7 Ndc6 33.Rc7 Rac8  0-1

[Event "58th ch-RUS Semi-Final"]
[Site "Kazan RUS"]
[Date "2005.09.10"]
[Round "8"]
[White "Shaposhnikov,E"]
[Black "Tseshkovsky,V"]
[Result "1/2-1/2"]
[WhiteElo "2533"]
[BlackElo "2599"]

1.e4 c5 2.Nf3 d6 3.Bb5+ Nd7 4.d4 Nf6 5.Nc3 a6 6.Bxd7+ Nxd7 7.O-O e6 8.Bg5 f6
9.Bf4 cxd4 10.Nxd4 Nb6 11.Nde2  1/2-1/2

[Event "TCh-POL Ekstraliga"]
[Site "Lubniewice POL"]
[Date "2005.09.10"]
[Round "8"]
[White "Dobrowolski,P"]
[Black "Bobras,P"]
[Result "0-1"]
[WhiteElo "2388"]
[BlackElo "2525"]

1.e4 c5 2.Nf3 d6 3.Bb5+ Nc6 4.O-O Bd7 5.c3 Nf6 6.Re1 a6 7.Ba4 b5 8.Bb3 c4
9.Bc2 e5 10.b3 Be7 11.Qe2 Rc8 12.d3 cxd3 13.Bxd3 O-O 14.h3 h6 15.a4 Na5 16.axb5 axb5
17.Qa2 Ra8 18.Qb2 Qc7 19.Na3 Rfb8 20.Bd2 Bc6 21.b4 Nc4 22.Nxc4 bxc4 23.Rxa8 Bxa8
24.Bc2 Bc6 25.Qb1 Qb7 26.Nh2 Ra8 27.Nf1 Ra3 28.f3 d5 29.exd5 Nxd5 30.Qb2 Qa7+
31.Kh1 Ra2 32.Qc1 Qf2 33.Qb1 Nxc3 34.Bxc3 Rxc2 35.Bd2 Ba4 36.Rc1 c3  0-1

[Event "ch-Arab"]
[Site "Dubai UAE"]
[Date "2005.09.14"]
[Round "3"]
[White "Henni,M"]
[Black "Hakki,I"]
[Result "1-0"]
[WhiteElo "2337"]
[BlackElo "2471"]

1.e4 c5 2.Nf3 d6 3.Bb5+ Nc6 4.c3 Nf6 5.Qe2 Bd7 6.O-O a6 7.Ba4 b5 8.Bc2 Bg4
9.h3 Bxf3 10.Qxf3 g6 11.Rd1 Rc8 12.Qe2 Bh6 13.a4 Qb6 14.Na3 Rb8 15.axb5 axb5
16.Nxb5 O-O 17.Na3 Nh5 18.g3 Na5 19.Nc4 Nxc4 20.Qxc4 Ra8 21.Ra3 Rxa3 22.bxa3 e6
23.a4 Nf6 24.Ba3 Qb7 25.Rb1 Qa8 26.d3 Rc8 27.Qb5 Bd2 28.c4 d5 29.e5 Nh5 30.Qb7 dxc4
31.Qxa8 Rxa8 32.dxc4 Bc3 33.Bxc5 Bxe5 34.Bb6 Rc8 35.c5 Bd4 36.Be4 Nxg3 37.Bb7 Ne2+
38.Kf1 Nc3 39.Bxc8 Nxb1 40.a5 Nd2+ 41.Ke2 Nc4 42.Kd3 Nxb6 43.cxb6 Bxf2 44.Ke4  1-0

[Event "EYb16"]
[Site "Herceg Novi SCG"]
[Date "2005.09.14"]
[Round "1"]
[White "Can,E"]
[Black "Trofimov,SP"]
[Result "0-1"]
[WhiteElo "2195"]
[BlackElo "2411"]

1.e4 c5 2.Nf3 d6 3.Bb5+ Bd7 4.Bxd7+ Qxd7 5.O-O Nc6 6.Qe2 Nf6 7.Rd1 e6 8.d4 cxd4
9.Nxd4 Be7 10.c4 Nxd4 11.Rxd4 Qc7 12.Nc3 a6 13.Be3 O-O 14.Rc1 Rfc8 15.b3 Nd7
16.Rdd1 b6 17.f3 Qb7 18.Bf4 Ne5 19.Bg3 Rd8 20.a4 Rac8 21.Kh1 Nc6 22.Rd2 Bg5
23.f4 Bf6 24.Qe3 Na5 25.Ne2 b5 26.cxb5 axb5 27.Rxc8 Rxc8 28.axb5 Qxb5 29.Rxd6 Qxb3
30.Qxb3 Nxb3 31.Kg1 h5 32.e5 Be7 33.Rd7 Rc2 34.Rxe7 Rxe2 35.Rd7 Nc5 36.Kf1 Rb2
37.Rd4 Kh7 38.Bf2 Kg6 39.Rc4 Nd3 40.Be3 Kf5 41.Rd4 Nb4 42.Rd7 Nd5 43.Bf2 Rb1+
44.Be1 Ke4 45.Kf2 Rb2+ 46.Kg1 Nxf4  0-1

[Event "EYb18"]
[Site "Herceg Novi SCG"]
[Date "2005.09.14"]
[Round "1"]
[White "Ponkratov,P"]
[Black "Pavlidis,Ana"]
[Result "1-0"]
[WhiteElo "2377"]
[BlackElo "2127"]

1.e4 c5 2.Nf3 d6 3.Bb5+ Nc6 4.O-O Nf6 5.e5 dxe5 6.Bxc6+ bxc6 7.Nxe5 Bd7 8.d3 e6
9.Re1 Be7 10.Nc3 O-O 11.b3 Nd5 12.Na4 Nb6 13.Nc3 Bf6 14.Ba3 Qc7 15.Qe2 Nd5
16.Na4 Nf4 17.Qe4 Ng6 18.Nxg6 hxg6 19.Rad1 Rfd8 20.Nxc5 Qa5 21.Bb4 Qxa2 22.d4 a5
23.Bc3 Qa3 24.Qe3 Qa2 25.Qd3 e5 26.Ra1 Bf5 27.Rxa2 Bxd3 28.Nxd3 exd4 29.Rxa5 Rac8
30.Rea1 c5 31.R5a4 c4 32.bxc4  1-0

[Event "ch-IRI"]
[Site "Tehran IRI"]
[Date "2005.09.14"]
[Round "4"]
[White "Ardeshi,M"]
[Black "Mahjoob,M"]
[Result "1/2-1/2"]
[WhiteElo "2265"]
[BlackElo "2442"]

1.e4 c5 2.Nf3 d6 3.Bb5+ Nd7 4.d4 Nf6 5.Nc3 cxd4 6.Qxd4 e5 7.Qd3 h6 8.Be3 Be7
9.Nd2 Ng4 10.Nc4 Nxe3 11.Nxe3 O-O 12.Bxd7 Bxd7 13.O-O-O Rc8 14.Nf5 Re8  1/2-1/2

[Event "EYb18"]
[Site "Herceg Novi SCG"]
[Date "2005.09.15"]
[Round "2"]
[White "Movsisian,V"]
[Black "Jones,G"]
[Result "1-0"]
[WhiteElo "2233"]
[BlackElo "2442"]

1.e4 c5 2.Nf3 d6 3.Bb5+ Bd7 4.Bxd7+ Qxd7 5.O-O Nf6 6.Re1 Nc6 7.c3 e6 8.a4 Be7
9.Na3 O-O 10.d3 d5 11.Bg5 a6 12.e5 Ne8 13.Bxe7 Qxe7 14.Nc2 Nc7 15.d4 c4 16.Qd2 Na5
17.Qf4 b5 18.Ne3 Rfb8 19.Ng4 Ne8 20.Re3 bxa4 21.Rxa4 Nc6 22.Ra2 h5 23.Ng5 hxg4
24.Qxg4 f6 25.exf6 Nxf6 26.Qh4 Nd8 27.f4 g6 28.f5 Ne4 29.Rh3 Nxg5 30.Qh8+ Kf7
31.fxg6+ Kxg6 32.Qh6+ Kf7 33.Qh5+ Kf6 34.Qh6+ Kf5 35.g4+ Ke4 36.Ra1 Qg7 37.Re1+ Kf4
38.Qxg7 Nxh3+ 39.Kg2 Rb7 40.Rf1+ Ke3 41.Qe5+ Kd3 42.Kxh3 Rxb2 43.Rf3+ Kc2
44.Qe2+ Kb3 45.Qd1+ Ka3 46.Qa1+ Ra2 47.Qc1+ Kb3 48.Qh6 a5 49.Qg7 Rb8 50.Qg6 Nc6
51.Qxe6 a4 52.Qxc6 Rb7 53.g5 a3 54.g6  1-0

[Event "EYb18"]
[Site "Herceg Novi SCG"]
[Date "2005.09.16"]
[Round "3"]
[White "Mamikonian,T"]
[Black "Aleksandrov,M"]
[Result "0-1"]
[WhiteElo "2273"]
[BlackElo "1949"]

1.e4 c5 2.Nf3 d6 3.Bb5+ Bd7 4.Bxd7+ Qxd7 5.c4 Nf6 6.Nc3 Nc6 7.O-O g6 8.d4 cxd4
9.Nxd4 Bg7 10.Nde2 O-O 11.f3 Rfd8 12.Bg5 h6 13.Be3 Kh7 14.Qd2 Qe8 15.Nd5 Nxd5
16.cxd5 Ne5 17.b3 Qb5 18.Nd4 Qa6 19.Rfd1 Rdc8 20.Rac1 Nd7 21.Rc2 Rc5 22.Rdc1 Rac8
23.Ne2 Rxc2 24.Rxc2 Rxc2 25.Qxc2 Qa5 26.Qd2 Qa3 27.Qc2 Nc5 28.Bxc5 dxc5 29.Nc1 Qb4
30.Nd3 Qd4+ 31.Kf1 b6 32.g3 Qa1+ 33.Kg2 Bd4 34.Nf2 Qe1 35.Nh3 Kg7 36.Nf2 b5
37.Nh3 h5 38.Qd3 a6 39.Nf4 Qf2+ 40.Kh3 Qxa2 41.Ne2 Ba1 42.f4 c4 43.bxc4 bxc4
44.Qd1 c3 45.Qd4+ Kh7 46.Nxc3 Qb2 47.Qa7 Qxc3 48.Qxe7 Qf6 49.Qc7 Bd4 50.Kg2 Kg7
51.e5 Qb6 52.Qxb6 Bxb6 53.Kf3 f5 54.exf6+ Kxf6 55.Ke4 Bc5  0-1

[Event "EYb14"]
[Site "Herceg Novi SCG"]
[Date "2005.09.18"]
[Round "5"]
[White "Roganovic,Milo"]
[Black "Tvarijonas,P"]
[Result "1/2-1/2"]
[WhiteElo "2228"]
[BlackElo "2174"]

1.e4 c5 2.Nf3 d6 3.Bb5+ Bd7 4.Bxd7+ Qxd7 5.c4 Nc6 6.d4 cxd4 7.Nxd4 g6 8.Nc3 Bg7
9.Be3 Nf6 10.f3 O-O 11.O-O Rfc8 12.b3 Qc7 13.Rc1 Qa5 14.Kh1 Qh5 15.Nde2 Qa5
16.a3 Rab8 17.Nb5 a6 18.b4 Qd8 19.Na7 Nxa7 20.Bxa7 Ra8 21.Bd4 Qd7 22.Qb3 Rc7
23.Rfd1 Qe8 24.a4 Rac8 25.a5 Nd7 26.Bxg7 Kxg7 27.Nf4 Ne5 28.c5 Kg8 29.Nd5 Rc6
30.Qb2 Nd7 31.cxd6 exd6 32.Rxc6 bxc6 33.Nf6+ Nxf6 34.Qxf6 d5 35.exd5 Qe2
36.Qd4 cxd5 37.Qxd5 Rc2 38.f4 Rc4 39.Qf3 Qxf3  1/2-1/2

[Event "EYg16"]
[Site "Herceg Novi SCG"]
[Date "2005.09.18"]
[Round "5"]
[White "Mikadze,M"]
[Black "Benmesbah,N"]
[Result "1/2-1/2"]
[WhiteElo "2210"]
[BlackElo "2127"]

1.e4 c5 2.Nf3 d6 3.Bb5+ Nd7 4.c3 Nf6 5.Qe2 a6 6.Ba4 b5 7.Bc2 c4 8.b3 Qc7
9.O-O e6 10.d4 cxd3 11.Bxd3 Be7 12.Bb2 O-O 13.Nbd2 Bb7 14.c4 bxc4 15.Nxc4 d5
16.exd5 Nxd5 17.Be4 Qf4 18.Rfe1 Nc5 19.Na5 Nxe4 20.Qxe4 Qxe4 21.Rxe4 Nf6
22.Re2 Bd5 23.Rc1 Rac8 24.Rec2 Rxc2 25.Rxc2 Rd8 26.Kf1 Be4 27.Rc1 Kf8 28.Nc6 Rc8
29.Nxe7 Rxc1+ 30.Bxc1 Kxe7 31.Ke2 Nd5 32.Bd2 f6 33.Ne1 Kd6 34.f3 Bb1 35.a3 Ba2
36.b4 Bc4+ 37.Kf2 Kc6 38.Nc2 e5 39.Ne3 Nb6 40.a4 Be6 41.b5+ axb5 42.axb5+ Kxb5
43.Ke2 Nd7 44.Bc1 Ka4 45.Bd2 Nc5 46.Bc3 Nb3 47.Kf2 Nd4 48.Bd2 Nc6 49.Nf1 Kb3
50.Ng3 Kc2 51.Be3 Nd4 52.Nh5 Bf7 53.Nxg7 Bg6  1/2-1/2

[Event "ch-Arab"]
[Site "Dubai UAE"]
[Date "2005.09.19"]
[Round "8"]
[White "Belkhodja,S"]
[Black "Adly,A"]
[Result "0-1"]
[WhiteElo "2468"]
[BlackElo "2503"]

1.e4 c5 2.Nf3 d6 3.Bb5+ Nd7 4.O-O Nf6 5.d4 a6 6.Bxd7+ Nxd7 7.Nc3 b5 8.dxc5 dxc5
9.Qe2 e6 10.Bf4 Be7 11.Rad1 Qb6 12.Nd5 exd5 13.exd5 Kd8 14.d6 Bf6 15.Ng5 Rf8
16.Rfe1 Bb7 17.Nxh7 Rg8 18.Nxf6 gxf6 19.Qe7+ Kc8 20.Qxf7 Rxg2+ 21.Kf1 Bc6
22.Re7 Rg4 23.Bg3 b4 24.b3 Qb5+ 25.Kg1 c4 26.f3 Qc5+ 27.Kg2 Qf5 28.Rf1 Rd4
29.Rf2 Kb7 30.bxc4 Rh8 31.h4 Rhxh4 32.Bxh4 Rxh4  0-1

[Event "EYg18"]
[Site "Herceg Novi SCG"]
[Date "2005.09.20"]
[Round "6"]
[White "Bolon,K"]
[Black "Machalova,E"]
[Result "1-0"]
[WhiteElo "2064"]
[BlackElo "2078"]

1.e4 c5 2.Nf3 d6 3.Bb5+ Bd7 4.Bxd7+ Qxd7 5.c4 Nf6 6.Nc3 Nc6 7.d4 cxd4 8.Nxd4 g6
9.f3 Bg7 10.Be3 O-O 11.O-O Rfc8 12.Nde2 Ne5 13.b3 Qd8 14.Qd2 Nfd7 15.Rab1 a5
16.a4 Nc5 17.Kh1 Ra6 18.Bh6 Bh8 19.h3 Ned7 20.Nb5 Nf6 21.Ng3 Qb6 22.Nf5 Re8
23.Ng3 Raa8 24.Rfd1 Red8 25.Qf4 Ne6 26.Qh4 Qc6 27.Re1 Nc5 28.Red1 Rac8 29.Na7 Qc7
30.Nxc8 Rxc8 31.Nf5 Ne6 32.Ne3 Qc5 33.Nd5 Re8 34.Be3 Qc6 35.Bd2 b6 36.Bc3 g5
37.Qf2 Nd7 38.Bxh8 Kxh8 39.h4 f6 40.hxg5 Nxg5 41.Qh4 Nc5 42.Qh6 Nce6 43.Rd2 Qb7
44.g4 Rg8 45.Rh2 Rg7 46.Ne3 Nxe4 47.Nd5 N4g5 48.Qh5 Nf7 49.Re1 Nf4 50.Qf5 Nxd5
51.Qxd5 Qc7 52.Kg2 Ne5 53.Reh1 Qc8  1-0

[Event "EYb18"]
[Site "Herceg Novi SCG"]
[Date "2005.09.21"]
[Round "7"]
[White "Ponkratov,P"]
[Black "Fruebing,S"]
[Result "1-0"]
[WhiteElo "2377"]
[BlackElo "2280"]

1.e4 c5 2.Nf3 d6 3.Bb5+ Bd7 4.Bxd7+ Nxd7 5.O-O Ngf6 6.Re1 e6 7.c4 Rc8 8.Nc3 a6
9.b3 Be7 10.d4 cxd4 11.Qxd4 Qa5 12.Bb2 O-O 13.Qd2 Rfd8 14.Rac1 Bf8 15.Nd4 Qh5
16.Re3 Qg5 17.Rf1 Nh5 18.Kh1 g6 19.f4 Qg4 20.Qe1 Be7 21.Ref3 Bf6 22.Nd1 Qh4
23.g3 Qg4 24.Ne3  1-0

[Event "EYb18"]
[Site "Herceg Novi SCG"]
[Date "2005.09.23"]
[Round "9"]
[White "Khaiminov,A"]
[Black "Jarvinen,R"]
[Result "1-0"]
[WhiteElo "2224"]
[BlackElo "1981"]

1.e4 c5 2.Nf3 d6 3.Bb5+ Bd7 4.Bxd7+ Qxd7 5.c4 Nf6 6.Nc3 Nc6 7.O-O g6 8.d4 cxd4
9.Nxd4 Bg7 10.Nde2 O-O 11.f3 Rfd8 12.Bg5 h6 13.Be3 Kh7 14.Qd2 e6 15.Rfd1 Ne7
16.Rac1 b6 17.b3 d5 18.cxd5 exd5 19.e5 Ne8 20.f4 f6 21.exf6 Nxf6 22.Bd4 Ne4
23.Qd3 Nc5 24.Bxc5 bxc5 25.Ne4 Bd4+ 26.Qxd4 cxd4 27.Nf6+ Kg7 28.Nxd7 Rxd7
29.Nxd4 Kf6 30.g4 g5 31.f5 h5 32.h3 hxg4 33.hxg4 a5 34.Re1 Ra6 35.Rc2 Rb7
36.Rh2 Ng8 37.Re8 Kf7 38.Re6 Rxe6 39.Nxe6 Rb4 40.Nxg5+ Ke7 41.Re2+ Kd7 42.Ne6 Rxg4+
43.Rg2 Nh6 44.Rxg4 Nxg4 45.Nd4 Kd6 46.Kg2 Ke5 47.Kf3 Nh6 48.Nc6+ Kd6 49.Nxa5 Nxf5
50.Kf4 Ne7 51.b4 Nc8 52.Ke3 Nb6 53.Kd4 Na4 54.a3 Nb6 55.b5 Na4 56.Nb3 Nb2
57.Kc3 Nc4 58.Kb4 Ne3 59.Nd4 Ke5 60.b6 Kd6 61.a4 Nc4 62.a5 Kd7 63.Kb5 Nd6+
64.Ka6 Kc8 65.Nc6 d4 66.Nxd4 Kb8 67.Ne6 Ka8 68.Nc5 Kb8 69.b7  1-0

[Event "EYb18"]
[Site "Herceg Novi SCG"]
[Date "2005.09.23"]
[Round "9"]
[White "Ponkratov,P"]
[Black "Hambartsumian,Y"]
[Result "1/2-1/2"]
[WhiteElo "2377"]
[BlackElo "2186"]

1.e4 c5 2.Nf3 d6 3.Bb5+ Bd7 4.Bxd7+ Qxd7 5.c4 Nc6 6.Nc3 g6 7.d4 cxd4 8.Nxd4 Bg7
9.Nde2 Nf6 10.O-O O-O 11.f3 a6 12.Bg5 Ne5 13.b3 b5 14.cxb5 axb5 15.Qd2 b4
16.Na4 Qb7 17.Rac1 Rfd8 18.Rfd1 Rac8 19.Nf4 Rxc1 20.Rxc1 e6 21.Nd3 Nxd3 22.Qxd3 h6
23.Bd2 d5 24.e5 Nd7 25.f4 g5 26.g3 Kh8 27.Kf2 gxf4 28.gxf4 f6 29.exf6 Nxf6
30.Nc5 Qf7 31.Qh3 Re8 32.Ke2 e5 33.f5 Nh5 34.Ne6 Nf4+ 35.Bxf4 exf4 36.Rc2 d4
37.Kd1 d3 38.Rg2 Qf6 39.Qxd3 f3 40.Rc2 Qa1+ 41.Rc1 Qxa2 42.Qxf3 Qxh2 43.Rc2  1/2-1/2

[Event "EYb18"]
[Site "Herceg Novi SCG"]
[Date "2005.09.23"]
[Round "9"]
[White "Zeleny,T"]
[Black "Velchev,H"]
[Result "1/2-1/2"]
[WhiteElo "2286"]
[BlackElo "2212"]

1.e4 c5 2.Nf3 d6 3.Bb5+ Bd7 4.Bxd7+ Qxd7 5.c4 Nc6 6.Nc3 g6 7.d4 cxd4 8.Nxd4 Bg7
9.Be3 Nf6 10.f3 O-O 11.O-O Rfc8 12.b3 Nxd4 13.Bxd4 Ne8 14.Rc1 Nc7  1/2-1/2

[Event "4th Kesarovski - Georgiev Memorial"]
[Site "Sunny Beach BUL"]
[Date "2005.09.23"]
[Round "8"]
[White "Janev,E"]
[Black "Ivanov,Jo"]
[Result "1-0"]
[WhiteElo "2460"]
[BlackElo "2347"]

1.e4 c5 2.Nf3 d6 3.Bb5+ Nd7 4.d4 Nf6 5.Nc3 a6 6.Bxd7+ Nxd7 7.O-O e6 8.Bg5 f6
9.Bh4 h5 10.Bg3 g5 11.dxc5 Nxc5 12.h4 Qb6 13.Rb1 Be7 14.Re1 Qc6 15.e5 gxh4
16.exd6 hxg3 17.dxe7 gxf2+ 18.Kxf2 Kxe7 19.Nd5+ Kf7 20.Nxf6 Nd3+ 21.Qxd3 Qc5+
22.Re3 Kxf6 23.b4  1-0

[Event "14th Monarch Assurance"]
[Site "Port Erin IOM"]
[Date "2005.09.24"]
[Round "1"]
[White "Grant,A"]
[Black "Bobras,P"]
[Result "0-1"]
[WhiteElo "2152"]
[BlackElo "2525"]

1.e4 c5 2.Nf3 d6 3.Bb5+ Nd7 4.d4 Nf6 5.Nc3 cxd4 6.Qxd4 e5 7.Qd3 h6 8.Nd2 Be7
9.Nc4 O-O 10.Bxd7 Bxd7 11.Ne3 Rc8 12.O-O Be6 13.Rd1 Qc7 14.Rd2 Qa5 15.Rd1 Rc5
16.Bd2 Qc7 17.Rac1 Qc6 18.Be1 Bc4 19.Nf5 Re8 20.Qg3 g6 21.Nxe7+ Rxe7 22.Qh4 Re6
23.f3 g5 24.Qh3 Kg7 25.Bf2 Ra5 26.a3 Re8 27.Be3 d5 28.exd5 Bxd5 29.Nxd5 Nxd5
30.Bd2 Rc5 31.Qf5 Ne7 32.Qd3 Rd5 33.Qe2 Red8 34.Bc3 f6 35.Rd3 Rxd3 36.cxd3 Qb5
37.Qf2 Nc6 38.f4 gxf4 39.Qh4 Qxd3 40.Qg4+ Qg6 41.Qe2 Qd3  0-1

[Event "14th Monarch Assurance"]
[Site "Port Erin IOM"]
[Date "2005.09.28"]
[Round "5"]
[White "Spanton,T"]
[Black "Ashton,A"]
[Result "1/2-1/2"]
[WhiteElo "2032"]
[BlackElo "2294"]

1.e4 c5 2.Nf3 d6 3.Bb5+ Nc6 4.d4 cxd4 5.Qxd4 Bd7 6.Bxc6 Bxc6 7.O-O Nf6 8.Nc3 e6
9.Bg5 Be7 10.Rad1 O-O 11.Rd2 Qa5 12.Qe3 Rfe8 13.Bh4 Qc5 14.Qxc5 dxc5 15.e5 Nd5
16.Bxe7 Nxc3 17.Bd6 Ne4 18.Rdd1 Rad8 19.Bc7 Rc8 20.Bd6 Nxd6 21.Rxd6 Kf8 22.Rfd1 Bxf3
23.gxf3 Rc7 24.Rd7 Rec8 25.f4 Ke8 26.Rxc7 Rxc7 27.c4 Rc6 28.Rd2 Ke7 29.Kg2 Rb6
30.Kf3 Rb4 31.b3 Rb6 32.Rd3 Rc6 33.Ke4 g6 34.Rh3 h5 35.Rd3 Ra6 36.a4 Rc6
37.h4 Rc7 38.Rd1 Rc8 39.Rd3 Rf8 40.f3 Rb8 41.Rd6 Rc8 42.Ke3 Rc7 43.Ke4 Rd7
44.Rxd7+ Kxd7 45.a5 Ke7 46.Kd3 f6 47.Ke4 Kf7 48.Kd3 Ke7 49.Ke4 f5+ 50.Kd3 Kd7
51.Kc3 Kc6 52.Kb2 b6 53.Ka2 bxa5 54.Ka3 Kb6 55.Ka4 Ka6 56.Ka3 Kb6 57.Ka4 Ka6  1/2-1/2

[Event "2nd Highlands Open A"]
[Site "Havlickuv Brod CZE"]
[Date "2005.09.29"]
[Round "6"]
[White "Karasek,L"]
[Black "Konstacky,M"]
[Result "1-0"]
[WhiteElo "2072"]
[BlackElo "1964"]

1.e4 c5 2.Nf3 d6 3.Bb5+ Bd7 4.Bxd7+ Nxd7 5.O-O Ngf6 6.Re1 g6 7.c3 Bg7 8.d4 cxd4
9.cxd4 O-O 10.Nc3 a6 11.h3 b5 12.e5 Ne8 13.Bg5 dxe5 14.dxe5 h6 15.Bh4 g5
16.Bg3 e6 17.Qd4 Qe7 18.Rad1 Nb8 19.h4 b4 20.Na4 f5 21.exf6 Rxf6 22.Qe4 g4
23.Nh2 Qa7 24.Rd8  1-0

[Event "14th Monarch Assurance"]
[Site "Port Erin IOM"]
[Date "2005.09.29"]
[Round "6"]
[White "Greet,A"]
[Black "Wells,P"]
[Result "0-1"]
[WhiteElo "2425"]
[BlackElo "2529"]

1.e4 c5 2.Nf3 d6 3.Bb5+ Bd7 4.Bxd7+ Qxd7 5.c4 Nf6 6.Nc3 g6 7.d4 cxd4 8.Nxd4 Bg7
9.f3 O-O 10.b3 Nc6 11.Nde2 e6 12.Bg5 h6 13.Bh4 g5 14.Bf2 Rad8 15.Qc2 d5 16.Rd1 Qe7
17.cxd5 exd5 18.Nxd5 Nxd5 19.exd5 Nb4 20.Qc5 Nxd5 21.Qxe7 Nxe7 22.Bxa7 Ra8
23.Bc5 Rxa2 24.Nd4 Rc8 25.Bxe7 Bxd4 26.h4 Re8  0-1

[Event "Wch-Seniors"]
[Site "Lignano Sabbiadoro ITA"]
[Date "2005.09.30"]
[Round "3"]
[White "Asmundsson,I"]
[Black "Giani,F"]
[Result "1-0"]
[WhiteElo "2299"]
[BlackElo "2083"]

1.e4 c5 2.Nf3 d6 3.Bb5+ Nd7 4.d4 a6 5.Bxd7+ Bxd7 6.Nc3 cxd4 7.Qxd4 Nf6 8.Bg5 e5
9.Qd3 h6 10.Bxf6 Qxf6 11.Nd5 Qd8 12.a4 Rc8 13.c4 Be6 14.O-O Bxd5 15.Qxd5 Qc7
16.b3 Be7 17.Rfd1 O-O 18.Nd2 Qb6 19.a5 Qa7 20.Nf1 Kh8 21.Ne3 g6 22.Qd3 Kg7
23.g3 h5 24.h4 f6 25.Kg2 Rf7 26.Nd5 Bd8 27.f4 Qc5 28.f5 Bxa5 29.fxg6 Kxg6
30.Qf3 Rh8 31.Rd3 Bd8 32.Ne3 Be7 33.Nf5 Bf8 34.Kh2 Rfh7 35.Rf1 Rf7 36.g4 Qc8
37.Rg1 Rg7 38.g5 Qe6 39.Rd2 Rc7 40.Rdg2 Kf7 41.g6+ Kg8 42.g7  1-0

[Event "Belgrade Premier League"]
[Site "Belgrade SCG"]
[Date "2005.10.01"]
[Round "1"]
[White "Marinovic,B"]
[Black "Nestorovic,N"]
[Result "1/2-1/2"]
[WhiteElo "2376"]
[BlackElo "2152"]

1.e4 c5 2.Nf3 d6 3.Bb5+ Bd7 4.Bxd7+ Qxd7 5.c4 Nc6 6.O-O Nf6 7.Nc3 e6 8.d4 cxd4
9.Nxd4 Be7 10.Be3 O-O 11.Rc1 Rac8 12.Qe2 Nxd4 13.Bxd4 a6 14.f3 Qc7 15.b3 Nd7
16.Rfd1  1/2-1/2

[Event "FSGM October"]
[Site "Budapest HUN"]
[Date "2005.10.01"]
[Round "13"]
[White "Czebe,A"]
[Black "Boros,De"]
[Result "1/2-1/2"]
[WhiteElo "2497"]
[BlackElo "2460"]

1.e4 c5 2.Nf3 d6 3.Bb5+ Bd7 4.Bxd7+ Qxd7 5.O-O Nc6 6.c4 g6 7.d4 cxd4 8.Nxd4 Bg7
9.Ne2 Ne5 10.Na3 Nf6 11.Nc3 Rc8 12.Qe2 O-O 13.Be3 Qc6 14.Nd5 Nxd5 15.exd5 Qa6
16.Rac1 f5 17.Qd2 Nxc4 18.Nxc4 Rxc4 19.Rxc4 Qxc4 20.b3 Qc3 21.Qxc3 Bxc3 22.Rc1 Ba5
23.Bxa7 Ra8 24.Be3 Kf7 25.Kf1 Bd8 26.Rc2 e6 27.dxe6+ Kxe6 28.Ke2 Ra6 29.a4 Bb6
30.Rc3 Kd5 31.Rd3+ Ke5 32.Bh6 Bc5 33.Bg7+ Ke6 34.Bd4 Rb6 35.Bxc5 dxc5 36.Kd2 Rb4
37.Kc3 h5 38.Re3+  1/2-1/2

[Event "14th Monarch Assurance"]
[Site "Port Erin IOM"]
[Date "2005.10.01"]
[Round "8"]
[White "Ulibin,M"]
[Black "Adly,A"]
[Result "1-0"]
[WhiteElo "2529"]
[BlackElo "2503"]

1.e4 c5 2.Nf3 d6 3.Bb5+ Nd7 4.d4 Nf6 5.Nc3 a6 6.Bxd7+ Nxd7 7.O-O e6 8.dxc5 Nxc5
9.Bg5 Qc7 10.Re1 f6 11.Bh4 b5 12.a3 Bd7 13.Nd4 Kf7 14.f4 Na4 15.f5 Nxc3 16.Qh5+ Kg8
17.fxe6 Be8 18.Qf3 Na4 19.e5 Qa7 20.exf6 gxf6 21.Kh1 Nb6 22.Nf5 Bg6 23.Bxf6 h6
24.e7 Qd7 25.exf8=Q+ Rxf8 26.Re7 Rxf6 27.Nxh6+ Rxh6 28.Qxf6 Qxe7 29.Qxe7 Nc4
30.Rf1  1-0

[Event "Autumn 4"]
[Site "Alushta UKR"]
[Date "2005.10.02"]
[Round "10"]
[White "Olenin,N"]
[Black "Loskutov,O"]
[Result "0-1"]
[WhiteElo "2399"]
[BlackElo "2435"]

1.e4 c5 2.Nf3 d6 3.Bb5+ Bd7 4.Qe2 a6 5.Bxd7+ Nxd7 6.O-O Ngf6 7.c3 e6 8.d4 Qc7
9.Bg5 h6 10.Bh4 cxd4 11.cxd4 d5 12.Nc3 dxe4 13.Nxe4 Be7 14.Rac1 Qd8 15.d5 Nxd5
16.Nd6+ Kf8 17.Bg3 Bxd6 18.Bxd6+ Kg8 19.Rc2 Qf6 20.Qe4 Qd8 21.Rfc1 N7f6 22.Qe5 Kh7
23.Ba3 Re8 24.h3 Kg8 25.Qe1 e5 26.Rd1 e4 27.Nd2 e3 28.fxe3 Rxe3 29.Qf2 Qe8
30.Nf1 Re4 31.Rcd2 Qe6 32.Ng3 Rf4 33.Qe1 Qb6+ 34.Kh2 Re8 35.Qg1 Ne3 36.Rc1 Neg4+
37.hxg4 Nxg4+ 38.Kh1 Qf6 39.Nf1 Rxf1  0-1

[Event "Open A"]
[Site "Hamburg GER"]
[Date "2005.10.02"]
[Round "2"]
[White "Becker,No"]
[Black "Kopylov,M"]
[Result "0-1"]
[WhiteElo "2197"]
[BlackElo "2445"]

1.e4 c5 2.Nf3 d6 3.Bb5+ Bd7 4.Bxd7+ Qxd7 5.O-O Nc6 6.c3 Nf6 7.Re1 g6 8.d4 cxd4
9.cxd4 Bg7 10.Nc3 O-O 11.Bf4 Rac8 12.Qa4 Qd8 13.Rad1 Nd7 14.Qb5 Qb6 15.Qxb6 Nxb6
16.d5 Na5 17.Nd4 Nd7 18.Nce2 Nc4 19.Bc1 Nc5 20.f3 Ne5 21.Rf1 Ncd3 22.b3 Nxc1
23.Rxc1 Bh6 24.f4 Nd3 25.Rxc8 Rxc8 26.g3 Bg7 27.Kg2 Nb4 28.Kf2 Nxa2 29.Ra1 Nc3
30.Rxa7 Nxe4+ 31.Ke3 Nc3 32.Rxb7 Nxd5+ 33.Kd3 Bf6 34.Rb5 e6 35.Rb7 Ra8 36.Nb5 Ra6
37.Rd7 Rb6 38.Nxd6 Rxb3+ 39.Kd2 Rb2+ 40.Ke1 Be7 41.Rb7 Rxe2+ 42.Kxe2 Bxd6
43.Kf3 Kg7 44.Rd7 Bc7  0-1

[Event "Open A"]
[Site "Hamburg GER"]
[Date "2005.10.03"]
[Round "3"]
[White "Schuette,A"]
[Black "Heinemann,T"]
[Result "0-1"]
[WhiteElo "2201"]
[BlackElo "2441"]

1.e4 c5 2.Nf3 d6 3.Bb5+ Nd7 4.O-O a6 5.Bxd7+ Bxd7 6.Re1 e6 7.b3 Be7 8.Bb2 f6
9.d4 Nh6 10.Nbd2 O-O 11.Nf1 Qc7 12.d5 e5 13.Bc1 Nf7 14.c4 g6 15.a4 b5 16.Bd2 bxa4
17.bxa4 Rfb8 18.Bc3 Rb7 19.N3d2 Rab8 20.g3 Bf8 21.Ne3 Qc8 22.Ra3 Bh6 23.Ra1 Ng5
24.h4 Nf7 25.Ng2 Bg7 26.Ne3 Nh6 27.f3 f5 28.Nef1 Qf8 29.Qe2 Kh8 30.Nh2 Ng8
31.g4 fxg4 32.fxg4 Nf6 33.Rf1 Qc8 34.g5 Nh5 35.Qe3 Be8 36.Rf2 Rf7 37.Rxf7 Bxf7
38.Qf3 Qd7 39.Ng4 Rf8 40.Nf2 Be8 41.Qe3 Rf4 42.Rb1 Qxa4 43.Rb6 Qd7 44.Qh3 Qf7
45.Qh2 Bf8 46.Rxa6 Kg8 47.Ra8 Bd7 48.Ba5 Ba4 49.Bd8 Be8 50.Ba5 Ng7 51.Bc3 Qb7
52.Ra3 Nh5 53.Ra1 Bd7 54.Rb1 Qc7 55.Ra1 Bc8 56.Ba5 Qd7 57.Bc3 Be7 58.Ra8 Qb7
59.Ra5 Bd8 60.Ra1 Qd7 61.Ra8 Rf8 62.Nf1 Qb7 63.Ra3 Qb1 64.Bd2 Qb2 65.Ra8 Qb7
66.Ra3 Bd7 67.Qg2 Nf4 68.Bxf4 Rxf4 69.Qg3 Qb1 70.Rb3 Qe1 71.Rb8 Rf8 72.Rb7 Bh3  0-1

[Event "Belgrade Premier League"]
[Site "Belgrade SCG"]
[Date "2005.10.04"]
[Round "4"]
[White "Mirkovic,Sl"]
[Black "Nestorovic,N"]
[Result "1/2-1/2"]
[WhiteElo "2372"]
[BlackElo "2152"]

1.e4 c5 2.Nf3 d6 3.Bb5+ Bd7 4.Bxd7+ Qxd7 5.O-O Nc6 6.Re1 Nf6 7.c3 e6 8.d4 cxd4
9.cxd4 d5 10.e5 Ne4 11.Nbd2 Nxd2 12.Bxd2 Be7 13.Rc1 O-O 14.h3 Rac8 15.Qe2 a6
16.Qd3 Qd8 17.Qb3 b5 18.Rc2 Qb6 19.Rec1 Rc7 20.Qd3  1/2-1/2